[Event "Doeberl Cup 44th"]
[Site "Canberra"]
[Date "2006.04.17"]
[Round "7"]
[White "Phan Koshnitsky, Ngan"]
[Black "Bennett, Hilton Petrie"]
[Result "1-0"]
[WhiteElo "2148"]
[BlackElo "2005"]
[PlyCount "35"]
[EventDate "2006.04.14"]
[EventType "swiss"]
[EventRounds "7"]
[EventCountry "AUS"]
[SourceTitle "CBM 111 Extra"]
[Source "ChessBase"]
[SourceDate "2006.05.09"]
[SourceVersion "1"]
[SourceVersionDate "2006.05.09"]
[SourceQuality "1"]

1. d4 Nf6 2. c4 e5 3. dxe5 Ng4 4. Nf3 Bc5 5. e3 Nc6 6. Nc3 0-0 7. Be2 Re8 8. 0-0 Ngxe5 9. Nd5 a5 10. Nd4 Ng6 11. Nb5 d6 12. Nbxc7 Qg5 13. f4 Qh6 14. Nxe8 Bf5 15. Nec7 Rc8 16. Bg4 Nce7 17. Bxf5 Nxf5 18. Qg4 1-0

[Event "Doeberl Cup 44th"]
[Site "Canberra"]
[Date "2006.04.15"]
[Round "4"]
[White "Brockman, Roland"]
[Black "Phan Koshnitsky, Ngan"]
[Result "0-1"]
[WhiteElo "1660"]
[BlackElo "2148"]
[PlyCount "82"]
[EventDate "2006.04.14"]
[EventType "swiss"]
[EventRounds "7"]
[EventCountry "AUS"]
[SourceTitle "CBM 111 Extra"]
[Source "ChessBase"]
[SourceDate "2006.05.09"]
[SourceVersion "1"]
[SourceVersionDate "2006.05.09"]
[SourceQuality "1"]

1. d4 Nf6 2. Nf3 g6 3. Bg5 Bg7 4. Nbd2 0-0 5. e3 c5 6. c3 d6 7. Be2 Qc7 8. 0-0 Nbd7 9. Rc1 b6 10. h3 Bb7 11. Bf4 Rad8 12. Bh2 Qc6 13. c4 e5 14. d5 Qc7 15. e4 Nh5 16. Ne1 Nf4 17. Nd3 Nxd3 18. Bxd3 Nf6 19. f4 exf4 20. Bxf4 Rde8 21. b3 Nd7 22. Qc2 Ne5 23. Rce1 Bc8 24. Nf3 Qe7 25. Kh1 Nxf3 26. Rxf3 f5 27. Bd2 fxe4 28. Rxe4 Be5 29. Rxf8+ Qxf8 30. Re1 Qf2 31. Rf1 Qg3 32. Kg1 Qh2+ 33. Kf2 Bd4+ 34. Kf3 Rf8+ 35. Ke2 Qxg2+ 36. Ke1 Rf2 37. Rxf2 Qxf2+ 38. Kd1 Bxh3 39. Be2 Bf5 40. Qc1 Qg1+ 41. Be1 Bf2 0-1

[Event "Olympiad Women-35"]
[Site "Bled"]
[Date "2002.11.10"]
[Round "14.2"]
[White "Phan Koshnitsky, Ngan"]
[Black "Frometa Castillo, Zirka"]
[Result "1-0"]
[WhiteElo "2178"]
[BlackElo "2248"]
[PlyCount "105"]
[EventDate "2002.10.26"]
[EventType "team-swiss"]
[EventRounds "14"]
[EventCountry "SLO"]
[SourceTitle "EXT 2003"]
[Source "ChessBase"]
[SourceDate "2002.11.25"]
[SourceVersion "1"]
[SourceVersionDate "2002.11.25"]
[SourceQuality "1"]
[WhiteTeam "Australia (W)"]
[BlackTeam "Cuba (W)"]
[WhiteTeamCountry "AUS"]
[BlackTeamCountry "CUB"]

1. d4 d5 2. c4 e6 3. Nc3 f5 4. g3 Nf6 5. Bg2 c6 6. Nh3 Be7 7. 0-0 0-0 8. b3 Ne4 9. Bb2 Nd7 10. Qc2 Ndf6 11. Rad1 Bd7 12. Nb1 Nd6 13. Nd2 Qe8 14. Nf3 Ng4 15. Ne5 Nxe5 16. dxe5 Nf7 17. Qd3 Rd8 18. a4 Ng5 19. Nxg5 Bxg5 20. Bd4 a6 21. Bb6 Rc8 22. f4 Bh6 23. e4 fxe4 24. Bxe4 g6 25. Rfe1 Rf7 26. Bf3 Bf8 27. h4 Rg7 28. Kg2 Qf7 29. Rh1 Be8 30. h5 gxh5 31. Bxh5 Qxf4 32. Bxe8 Rxe8 33. Qxh7+ Rxh7 34. gxf4 Bh6 35. Kf3 Rf8 36. Be3 Bg7 37. Rxh7 Kxh7 38. Kg4 Rc8 39. Kg5 b5 40. axb5 axb5 41. cxb5 cxb5 42. Bd4 Rc2 43. f5 Rg2+ 44. Kf4 exf5 45. Kxf5 Rg3 46. b4 Kg8 47. Ke6 Rb3 48. Bc5 Rb2 49. Kxd5 Kf7 50. e6+ Ke8 51. Rg1 Rd2+ 52. Kc6 Bf8 53. Rg8 1-0

[Event "Olympiad Women-35"]
[Site "Bled"]
[Date "2002.10.31"]
[Round "6.1"]
[White "Milligan, Helen"]
[Black "Phan Koshnitsky, Ngan"]
[Result "1/2-1/2"]
[WhiteElo "2135"]
[BlackElo "2178"]
[PlyCount "117"]
[EventDate "2002.10.26"]
[EventType "team-swiss"]
[EventRounds "14"]
[EventCountry "SLO"]
[SourceTitle "EXT 2003"]
[Source "ChessBase"]
[SourceDate "2002.11.25"]
[SourceVersion "1"]
[SourceVersionDate "2002.11.25"]
[SourceQuality "1"]
[WhiteTeam "Scotland (W)"]
[BlackTeam "Australia (W)"]
[WhiteTeamCountry "SCO"]
[BlackTeamCountry "AUS"]

1. e4 c5 2. Nf3 Nc6 3. d4 cxd4 4. Nxd4 Nf6 5. Nc3 e5 6. Ndb5 d6 7. Bg5 a6 8. Na3 b5 9. Nd5 Be7 10. Bxf6 Bxf6 11. c3 Bg5 12. Nc2 0-0 13. a4 bxa4 14. Rxa4 a5 15. Bc4 Rb8 16. Ra2 Kh8 17. Nce3 g6 18. Qe2 f5 19. f3 Bd7 20. 0-0 Rb7 21. b3 Qb8 22. Rfa1 Qa7 23. Kh1 Qb8 24. Kg1 Qa7 25. Kh1 Qb8 26. Kg1 Bh4 27. Rf1 Qd8 28. Nd1 f4 29. Nf2 h5 30. Kh1 Be8 31. Qd2 g5 32. Raa1 Rg7 33. Rg1 g4 34. Nd3 g3 35. h3 Bd7 36. Ne1 Qb8 37. Rd1 Bd8 38. Qc2 Qc8 39. Bf1 Be6 40. Bb5 Na7 41. Bf1 Bxd5 42. Rxd5 Bb6 43. Nd3 Bxg1 44. Kxg1 Qc7 45. c4 Nc6 46. Qd2 Qb6+ 47. Kh1 Qxb3 48. Rxd6 Qb1 49. Nc1 Nd4 50. Qxa5 Re7 51. Rh6+ Kg7 52. Qa6 Ne6 53. Rxe6 Rxe6 54. Qxe6 Qxc1 55. Qxe5+ Kf7 56. Qxh5+ Ke7 57. Qe5+ Kd7 58. Qd5+ Ke7 59. Qe5+ 1/2-1/2

[Event "Olympiad Women-35"]
[Site "Bled"]
[Date "2002.10.27"]
[Round "2.2"]
[White "Belic, Jordanka"]
[Black "Phan Koshnitsky, Ngan"]
[Result "1/2-1/2"]
[WhiteElo "2357"]
[BlackElo "2178"]
[PlyCount "86"]
[EventDate "2002.10.26"]
[EventType "team-swiss"]
[EventRounds "14"]
[EventCountry "SLO"]
[SourceTitle "EXT 2003"]
[Source "ChessBase"]
[SourceDate "2002.11.25"]
[SourceVersion "1"]
[SourceVersionDate "2002.11.25"]
[SourceQuality "1"]
[WhiteTeam "Germany (W)"]
[BlackTeam "Australia (W)"]
[WhiteTeamCountry "GER"]
[BlackTeamCountry "AUS"]

1. e4 e5 2. Nf3 Nc6 3. Bc4 Nf6 4. d3 Bc5 5. 0-0 0-0 6. Bg5 d6 7. Nc3 Bg4 8. h3 Bh5 9. g4 Bg6 10. Nd5 Re8 11. Nxf6+ gxf6 12. Bh6 Na5 13. Nd2 Nxc4 14. dxc4 f5 15. exf5 Qh4 16. Ne4 Qxh6 17. Qf3 Bh5 18. Kg2 Kh8 19. gxh5 Bb6 20. Rad1 Rad8 21. Rd3 c6 22. Rfd1 Bc7 23. h4 Rg8+ 24. Kh3 f6 25. b4 Qf8 26. c3 Qf7 27. Nxd6 Bxd6 28. Rxd6 Rxd6 29. Rxd6 Qxc4 30. Rd1 Qxa2 31. h6 Qc2 32. Re1 Qd2 33. Qe3 Qd5 34. f3 Qd7 35. Kh2 Qxf5 36. Rg1 Rxg1 37. Kxg1 Kg8 38. Qxa7 Qd7 39. Qf2 Kf8 40. Qg2 Qf7 41. Qd2 Qg6+ 42. Kf2 Ke7 43. Qe3 Qc2+ 1/2-1/2

[Event "Adelaide University op"]
[Site "Adelaide"]
[Date "2002.07.13"]
[Round "1"]
[White "Thiyagarajah, Kailash"]
[Black "Phan Koshnitsky, Ngan"]
[Result "0-1"]
[WhiteElo "1066"]
[BlackElo "2108"]
[PlyCount "48"]
[EventDate "2002.07.13"]
[EventType "swiss"]
[EventRounds "7"]
[EventCountry "AUS"]
[SourceTitle "EXT 2005"]
[Source "ChessBase"]
[SourceDate "2004.11.15"]
[SourceVersion "1"]
[SourceVersionDate "2004.11.15"]
[SourceQuality "1"]

1. Nf3 Nf6 2. g3 g6 3. Bg2 Bg7 4. d3 d5 5. 0-0 0-0 6. Nbd2 c5 7. e4 Nc6 8. Re1 e6 9. h4 b5 10. Qe2 Qb6 11. Nf1 Ba6 12. N1h2 b4 13. g4 dxe4 14. Ng5 exd3 15. cxd3 Nd4 16. Qd1 Rad8 17. Ne4 Nxe4 18. Bxe4 b3 19. g5 Nc2 20. axb3 Nxa1 21. h5 Nxb3 22. hxg6 fxg6 23. Ng4 Nxc1 24. Qxc1 Bxb2 0-1

[Event "Oceania zt 3.2b (Women)"]
[Site "Gold Coast"]
[Date "2001.04.26"]
[Round "7"]
[White "Phan Koshnitsky, Ngan"]
[Black "Szuveges, Narelle"]
[Result "1-0"]
[WhiteElo "2156"]
[BlackElo "2078"]
[PlyCount "89"]
[EventDate "2001.04.22"]
[EventType "tourn"]
[EventRounds "9"]
[EventCountry "AUS"]
[SourceTitle "CBM 082 Extra"]
[Source "ChessBase"]
[SourceDate "2001.07.03"]
[SourceVersion "1"]
[SourceVersionDate "2001.07.03"]
[SourceQuality "1"]

1. d4 Nf6 2. c4 g6 3. Nc3 Bg7 4. e4 d6 5. Be2 0-0 6. Bg5 h6 7. Bf4 Nbd7 8. Qd2 Kh7 9. Nf3 Nh5 10. Be3 e5 11. g4 Nhf6 12. h3 exd4 13. Nxd4 Re8 14. f3 Nc5 15. 0-0-0 Bd7 16. h4 Ng8 17. Nb3 Nxb3+ 18. axb3 Bc6 19. Qc2 Qe7 20. Bf4 Kh8 21. Bd3 a6 22. Rde1 Qd7 23. Qd2 b5 24. Bxh6 Bxh6 25. g5 Bf8 26. h5 Kg7 27. hxg6 fxg6 28. Qh2 Kf7 29. e5 dxe5 30. Qh7+ Bg7 31. Qxg6+ Kf8 32. Rh7 Re6 33. Rxg7 Rxg6 34. Rxd7 Ne7 35. Rxc7 Rxg5 36. f4 Rg3 37. Bc2 b4 38. Ne4 Bxe4 39. Bxe4 Re8 40. fxe5 Rxb3 41. Rf1+ Kg8 42. Bc2 Rh3 43. Ba4 Nd5 44. cxd5 Rxe5 45. Bd7 1-0

[Event "Oceania zt 3.2b (Women)"]
[Site "Gold Coast"]
[Date "2001.04.23"]
[Round "3"]
[White "Berezina, Irina"]
[Black "Phan Koshnitsky, Ngan"]
[Result "1/2-1/2"]
[WhiteElo "2295"]
[BlackElo "2156"]
[PlyCount "33"]
[EventDate "2001.04.22"]
[EventType "tourn"]
[EventRounds "9"]
[EventCountry "AUS"]
[SourceTitle "CBM 082 Extra"]
[Source "ChessBase"]
[SourceDate "2001.07.03"]
[SourceVersion "1"]
[SourceVersionDate "2001.07.03"]
[SourceQuality "1"]

1. d4 Nf6 2. c4 g6 3. Nc3 Bg7 4. e4 d6 5. Bd3 c6 6. Nge2 e5 7. d5 0-0 8. Ng3 Na6 9. 0-0 Nc5 10. Bc2 a5 11. Rb1 cxd5 12. cxd5 Bd7 13. Qe2 Ng4 14. h3 Nh6 15. Bd2 Qh4 16. Nb5 Qe7 17. a4 1/2-1/2

[Event "Oceania zt 3.2b (Women)"]
[Site "Gold Coast"]
[Date "2001.04.22"]
[Round "1"]
[White "Mills, Natalie"]
[Black "Phan Koshnitsky, Ngan"]
[Result "1/2-1/2"]
[WhiteElo "2005"]
[BlackElo "2156"]
[PlyCount "48"]
[EventDate "2001.04.22"]
[EventType "tourn"]
[EventRounds "9"]
[EventCountry "AUS"]
[SourceTitle "CBM 082 Extra"]
[Source "ChessBase"]
[SourceDate "2001.07.03"]
[SourceVersion "1"]
[SourceVersionDate "2001.07.03"]
[SourceQuality "1"]

1. d4 Nf6 2. Bg5 g6 3. Bxf6 exf6 4. c4 Bg7 5. Nc3 d6 6. g3 f5 7. Bg2 Nd7 8. e3 Nf6 9. Nge2 h5 10. b4 h4 11. a4 g5 12. 0-0 Ng4 13. Qd3 hxg3 14. hxg3 Kf8 15. b5 Rb8 16. Rab1 Nh2 17. Rfd1 Qf6 18. Nd5 Qd8 19. c5 Be6 20. cxd6 Qxd6 21. Nec3 Rd8 22. Rdc1 Rh6 23. Qd2 g4 24. Nf4 Bc8 1/2-1/2

[Event "Olympiad Women-34"]
[Site "Istanbul"]
[Date "2000.11.02"]
[Round "6.2"]
[White "Guerrero Rodriguez, Alejandra"]
[Black "Phan Koshnitsky, Ngan"]
[Result "1/2-1/2"]
[WhiteElo "2171"]
[BlackElo "2157"]
[PlyCount "60"]
[EventDate "2000.10.28"]
[EventType "team-swiss"]
[EventRounds "14"]
[EventCountry "TUR"]
[SourceTitle "EXT 2001"]
[Source "ChessBase"]
[SourceDate "2000.11.22"]
[SourceVersion "1"]
[SourceVersionDate "2000.11.22"]
[SourceQuality "1"]
[WhiteTeam "Mexico (W)"]
[BlackTeam "Australia (W)"]
[WhiteTeamCountry "MEX"]
[BlackTeamCountry "AUS"]

1. e4 e5 2. Nf3 Nc6 3. Bb5 a6 4. Ba4 Nf6 5. 0-0 b5 6. Bb3 Be7 7. d4 exd4 8. e5 Ne4 9. Bd5 Nc5 10. Nxd4 Bb7 11. Nf5 Bf8 12. Re1 Ne6 13. Nc3 Rb8 14. Qf3 b4 15. Nd1 g6 16. Bxe6 dxe6 17. Nh6 Bxh6 18. Bxh6 Nd4 19. Qd3 Nf5 20. Qxd8+ Rxd8 21. Bg5 Rd5 22. g4 Nd4 23. Bf6 0-0 24. Ne3 Nf3+ 25. Kf1 Rd2 26. Red1 Nxh2+ 27. Kg1 Nf3+ 28. Kf1 Nh2+ 29. Kg1 Nf3+ 30. Kf1 Nh2+ 1/2-1/2

[Event "Doeberl Cup 38th"]
[Site "Canberra"]
[Date "2000.04.21"]
[Round "1"]
[White "Corker, Kerry"]
[Black "Phan Koshnitsky, Ngan"]
[Result "0-1"]
[WhiteElo "1896"]
[BlackElo "2143"]
[PlyCount "118"]
[EventDate "2000.04.01"]
[EventType "swiss"]
[EventRounds "7"]
[EventCountry "AUS"]
[SourceTitle "EXT 2001"]
[Source "ChessBase"]
[SourceDate "2000.11.22"]
[SourceVersion "1"]
[SourceVersionDate "2000.11.22"]
[SourceQuality "1"]

1. Nf3 Nf6 2. b3 g6 3. Bb2 Bg7 4. c4 d6 5. g3 e5 6. d3 0-0 7. Bg2 c6 8. 0-0 Nbd7 9. b4 Qe7 10. Nbd2 Rd8 11. Qb3 Nf8 12. a4 Ne8 13. h4 h6 14. Rac1 Be6 15. Qa3 f5 16. b5 c5 17. Rfd1 Bf7 18. a5 Rac8 19. a6 b6 20. Qa1 Ne6 21. e3 Rc7 22. Nf1 g5 23. hxg5 hxg5 24. Re1 Bh5 25. N3h2 Nf6 26. f3 Bg6 27. Rcd1 f4 28. gxf4 gxf4 29. e4 Nh5 30. Qc1 Bf6 31. Ng4 Bh4 32. Re2 Qg5 33. Bh3 Kf7 34. Rg2 Ng3 35. Qd2 Qh5 36. Ngh2 Ng5 37. Bg4 Qh6 38. Bc1 Rg8 39. Nxg3 Bxg3 40. Nf1 Nh3+ 41. Bxh3 Qxh3 42. Nxg3 fxg3 43. Qh6 Qe6 44. Rxg3 Rcc8 45. Kf2 Rh8 46. Qg5 Rcg8 47. Qg4 Rh2+ 48. Rg2 Rxg2+ 49. Qxg2 Bxe4 50. Qh2 Bf5 51. Ke3 Qg6 52. Rd2 Rg7 53. Bb2 Qg5+ 54. f4 Qg3+ 55. Qxg3 Rxg3+ 56. Ke2 exf4 57. d4 Be6 58. dxc5 dxc5 59. Be5 Re3+ 0-1

[Event "Doeberl Cup 38th"]
[Site "Canberra"]
[Date "2000.04.21"]
[Round "2"]
[White "Phan Koshnitsky, Ngan"]
[Black "Johansen, Darryl Keith"]
[Result "0-1"]
[WhiteElo "2155"]
[BlackElo "2494"]
[PlyCount "60"]
[EventDate "2000.04.01"]
[EventType "swiss"]
[EventRounds "7"]
[EventCountry "AUS"]
[SourceTitle "EXT 2001"]
[Source "ChessBase"]
[SourceDate "2000.11.22"]
[SourceVersion "1"]
[SourceVersionDate "2000.11.22"]
[SourceQuality "1"]

1. d4 Nf6 2. c4 e6 3. Nc3 Bb4 4. e3 b6 5. Nf3 Ne4 6. Qc2 Bb7 7. Bd3 f5 8. 0-0 Bxc3 9. bxc3 0-0 10. Nd2 Qh4 11. f4 Nxd2 12. Bxd2 Nc6 13. Rf3 Na5 14. Rh3 Qe7 15. e4 fxe4 16. Bxe4 Bxe4 17. Qxe4 g6 18. Qe2 Rae8 19. Rb1 Qa3 20. Bc1 Qa4 21. Rb4 Qc6 22. Be3 d5 23. f5 Rxf5 24. cxd5 Rxd5 25. Bd2 b5 26. Rf3 Nc4 27. Bf4 Rf5 28. Bg3 Ref8 29. Rxf5 exf5 30. Rb1 Re8 0-1

[Event "Olympiad Women-33"]
[Site "Elista"]
[Date "1998.10.02"]
[Round "4"]
[White "Phan Koshnitsky, Ngan"]
[Black "Hernandez Guerrero, Yadira"]
[Result "0-1"]
[WhiteElo "2135"]
[BlackElo "2220"]
[PlyCount "106"]
[EventDate "1998.09.29"]
[EventType "team-swiss"]
[EventRounds "13"]
[EventCountry "RUS"]
[SourceTitle "CBM 066 Extra"]
[Source "ChessBase"]
[SourceDate "1998.11.06"]
[SourceVersion "1"]
[SourceVersionDate "1998.11.06"]
[SourceQuality "1"]

1. d4 d6 2. c4 f5 3. g3 Nf6 4. Bg2 g6 5. Nc3 Bg7 6. d5 0-0 7. Nh3 Nbd7 8. Be3 Ne5 9. Qb3 a5 10. 0-0 Bd7 11. Rac1 a4 12. Qb4 Nfg4 13. Nd1 Nxe3 14. Nxe3 c5 15. dxc6 bxc6 16. Qd2 Rb8 17. Rb1 Qc8 18. f4 Nf7 19. Nd1 e5 20. Nc3 Be6 21. b3 axb3 22. axb3 e4 23. e3 Rd8 24. Ne2 d5 25. cxd5 Bxd5 26. Qc2 Qe6 27. Nc1 h6 28. Nf2 Nd6 29. Ne2 Bxb3 30. Qc5 Qc4 31. Qa5 Qa4 32. Qc7 Rbc8 33. Qe7 c5 34. Nd1 Rd7 35. Qh4 Bxd1 36. Rfxd1 Nc4 37. Rxd7 Qxd7 38. g4 Nxe3 39. gxf5 Nxg2 40. Kxg2 Qd3 41. Re1 gxf5 42. Qh5 Rf8 43. Ng3 Qd2+ 44. Qe2 Qxe2+ 45. Rxe2 c4 46. Rc2 c3 47. Kf2 Kh7 48. Ke3 Kg6 49. Rg2 Kh7 50. Rc2 Bh8 51. Rg2 h5 52. Nxh5 Rd8 53. Re2 Bd4# 0-1

[Event "Asia-ch (Women)"]
[Site "Genting Highlands"]
[Date "1998.??.??"]
[Round "?"]
[White "Nguyen, Thi Dung Than"]
[Black "Phan Koshnitsky, Ngan"]
[Result "1/2-1/2"]
[WhiteElo "2150"]
[BlackElo "2115"]
[PlyCount "50"]
[EventDate "1998.04.??"]
[EventType "swiss"]
[EventRounds "11"]
[EventCountry "MAS"]
[SourceTitle "EXT 1999"]
[Source "ChessBase"]
[SourceDate "1998.11.16"]
[SourceVersion "1"]
[SourceVersionDate "1998.11.16"]
[SourceQuality "1"]

1. d4 Nf6 2. c4 g6 3. Nc3 Bg7 4. e4 d6 5. f3 0-0 6. Be3 c6 7. Bd3 Nbd7 8. Nge2 a6 9. a4 e5 10. 0-0 exd4 11. Bxd4 Nc5 12. Kh1 Ne6 13. Bg1 Nd7 14. f4 Qe7 15. Bc2 a5 16. Qd2 Nf6 17. Rad1 Ne8 18. f5 Nc5 19. Nf4 Be5 20. Bd4 b6 21. Rf3 Ra7 22. Rh3 Nf6 23. Qf2 g5 24. Nh5 Nxh5 25. Rxh5 f6 1/2-1/2